Estudio de pre-factibilidad para la creación de planta productora de envases con tecnología desplegable, en la ciudad de Managua, en el periodo 2020-2023
El estudio presenta un estudio de pre factibilidad para la creación de una planta productora de envases desplegables, realiza un estudio de mercado para la determinación de la demanda insatisfecha, oferta potencial y definición de estrategias de marketing a implementar, elabora un estudio técnic...
| Main Authors: | , |
|---|---|
| Other Authors: | |
| Format: | Tesis Section = Libro |
| Language: | Undetermined Spanish |
| Published: |
Managua
UNI
2020
|
| Subjects: |
| LEADER | 01726nam a2200277Ia 4500 | ||
|---|---|---|---|
| 008 | 240830s9999 xx 000 0 und d | ||
| 040 | |a BIBLIOTECA-RUPAP Mon 658.11 A283 | ||
| 041 | |a spa | ||
| 082 | |a Mon 658.11 A283 | ||
| 100 | 1 | |a Aguilar Flores, José Gabriel de Jesús | |
| 100 | 1 | |b Nicoya Vega, William Antonio | |
| 245 | 1 | 0 | |a Estudio de pre-factibilidad para la creación de planta productora de envases con tecnología desplegable, en la ciudad de Managua, en el periodo 2020-2023 |
| 260 | |a Managua |b UNI |c 2020 | ||
| 300 | |a p. irreg. :il. | ||
| 500 | |a Contiene: anexos y CD. | ||
| 502 | |a Tesis (Ingeniero Industrial)- UNI, 2020. | ||
| 520 | 3 | |a El estudio presenta un estudio de pre factibilidad para la creación de una planta productora de envases desplegables, realiza un estudio de mercado para la determinación de la demanda insatisfecha, oferta potencial y definición de estrategias de marketing a implementar, elabora un estudio técnico para determinar el tamaño optimo y localización optima del proyecto, también un análisis organizativo, administrativo y legal, establece los caracteres del estudio económico, así como los costos del proyecto, presupuesto y capital de trabajo, calcula mediante un estudio financiero, las variables financieras que permitan el análisis de factibilidad, así como la rentabilidad, relación costo-beneficio y sensibilidad del proyecto. | |
| 650 | 7 | |a NUEVOS NEGOCIOS-NICARAGUA | |
| 650 | 7 | |b ESTUDIOS DE FACTIBILIDAD | |
| 650 | 7 | |c PLANTA PRODUCTORA DE ENVASES-PROYECTOS | |
| 650 | 7 | |d ESTUDIO DE MERCADO | |
| 650 | 7 | |e ESTUDIO FINANCIERO | |
| 700 | 1 | |a Tutor: |b Chavarría Valverde, Luis Alberto | |
| 942 | |c BK |2 ddc | ||
| 991 | |a TESIS | ||
| 999 | |c 16838 | ||